[Event "BCF-ch Seniors 65"]
[Site "Hull"]
[Date "2024.07.31"]
[Round "3"]
[White "Phillips, William"]
[Black "Kelly, Ian G"]
[Result "1-0"]
[WhiteElo "1879"]
[BlackElo "1973"]
[PlyCount "144"]
[EventDate "2024.07.29"]
[EventType "swiss"]
[EventRounds "7"]
[EventCountry "ENG"]
[SourceTitle "CBM 221 Extra"]
[Source "ChessBase"]
[SourceDate "2024.09.30"]
[SourceVersion "1"]
[SourceVersionDate "2024.09.30"]
[SourceQuality "1"]

1. d4 Nf6 2. Nf3 c5 3. d5 e6 4. c4 b5 5. cxb5 Nxd5 6. e4 Nf6 7. Nc3 d5 8. e5 Nfd7 9. Bd3 Be7 10. 0-0 Bb7 11. b3 Qc7 12. Re1 Nb6 13. Bb2 N8d7 14. Rc1 Rc8 15. Ne2 Qb8 16. Ng3 d4 17. Be4 Bxe4 18. Rxe4 Nd5 19. Qe2 N7b6 20. Nd2 Nc7 21. Rg4 g6 22. Nge4 Nbd5 23. Nc4 Nxb5 24. a4 Nbc3 25. Bxc3 Nxc3 26. Rxc3 dxc3 27. Ncd6+ Bxd6 28. Nxd6+ Ke7 29. Nxc8+ Rxc8 30. Qc2 Qxe5 31. Re4 Qd5 32. h3 Qd2 33. Re2 Qxc2 34. Rxc2 Rb8 35. Rxc3 Kd6 36. Rd3+ Kc6 37. Kf1 e5 38. f3 f5 39. Ke2 Rb7 40. Ke3 Rb4 41. g4 Rd4 42. Rc3 Kd5 43. Ke2 a5 44. Ke3 f4+ 45. Ke2 c4 46. h4 cxb3 47. Rxb3 Rxa4 48. Rb7 Ra2+ 49. Kd3 Ra3+ 50. Ke2 Re3+ 51. Kf2 a4 52. Rxh7 a3 53. Ra7 Kc4 54. h5 gxh5 55. gxh5 Rb3 56. h6 Rb2+ 57. Kg1 a2 58. h7 Rb1+ 59. Kg2 Rb2+ 60. Kg1 Rb8 61. Rxa2 Rh8 62. Ra7 Kd4 63. Kf2 Rb8 64. Rd7+ Kc3 65. Rb7 Rh8 66. Rd7 Kc4 67. Kg2 Kc5 68. Kh3 Kc6 69. Ra7 Kd6 70. Kg4 Ke6 71. Ra6+ Kd5 72. Ra7 Ke6 1-0

[Event "BCF-ch Seniors 65"]
[Site "Hull"]
[Date "2024.07.30"]
[Round "2"]
[White "Kelly, Ian G"]
[Black "James, Geoffrey H"]
[Result "0-1"]
[WhiteElo "1973"]
[BlackElo "2059"]
[PlyCount "50"]
[EventDate "2024.07.29"]
[EventType "swiss"]
[EventRounds "7"]
[EventCountry "ENG"]
[SourceTitle "CBM 221 Extra"]
[Source "ChessBase"]
[SourceDate "2024.09.30"]
[SourceVersion "1"]
[SourceVersionDate "2024.09.30"]
[SourceQuality "1"]

1. Nf3 d6 2. c4 e5 3. Nc3 f5 4. d3 Nf6 5. g3 Be7 6. Bg2 0-0 7. 0-0 c6 8. b4 Kh8 9. Bb2 Be6 10. Qc2 Qc7 11. Rfc1 Nbd7 12. Nd2 f4 13. Nce4 fxg3 14. fxg3 Ng4 15. Nf1 Qd8 16. Bf3 d5 17. cxd5 cxd5 18. Nc5 Nxc5 19. bxc5 Rc8 20. Qa4 Bxc5+ 21. Rxc5 Rxc5 22. Bxg4 Qb6 23. Bd4 exd4 24. Qxd4 Bxg4 25. Qxg4 Rc1+ 0-1

[Event "BCF-ch Seniors 65"]
[Site "Llandudno"]
[Date "2017.08.03"]
[Round "5"]
[White "Kelly, Ian G"]
[Black "Price, Andrew"]
[Result "1-0"]
[WhiteElo "2005"]
[BlackElo "1795"]
[PlyCount "71"]
[EventDate "2017.07.30"]
[EventType "swiss"]
[EventRounds "7"]
[EventCountry "WLS"]
[SourceTitle "CBM 179 Extra"]
[Source "ChessBase"]
[SourceDate "2017.08.23"]
[SourceVersion "1"]
[SourceVersionDate "2017.08.23"]
[SourceQuality "1"]

1. Nf3 d5 2. c4 dxc4 3. e3 Nf6 4. Bxc4 c5 5. d4 e6 6. 0-0 a6 7. a4 Nc6 8. Nc3 cxd4 9. exd4 Be7 10. Qe2 0-0 11. Rd1 Nd5 12. Bd3 Bf6 13. Bb1 Nce7 14. Ne5 Nxc3 15. bxc3 g6 16. Ng4 Bg7 17. Bh6 Nf5 18. Bxg7 Kxg7 19. Qd2 Qh4 20. Bxf5 gxf5 21. Ne5 f6 22. Nd3 Kh8 23. g3 Rg8 24. Qf4 Qxf4 25. Nxf4 Bd7 26. Rdb1 Rab8 27. Rb6 e5 28. Nd5 exd4 29. cxd4 Bc6 30. Nxf6 Rgd8 31. Rc1 Rbc8 32. d5 Rd6 33. dxc6 Rxf6 34. Rxb7 Rcxc6 35. Rxc6 Rxc6 36. Ra7 1-0

[Event "BCF-ch Seniors 65"]
[Site "Llandudno"]
[Date "2017.07.30"]
[Round "1"]
[White "Kelly, Ian G"]
[Black "Homolka, Vincent"]
[Result "1-0"]
[WhiteElo "2005"]
[BlackElo "1773"]
[PlyCount "77"]
[EventDate "2017.07.30"]
[EventType "swiss"]
[EventRounds "7"]
[EventCountry "WLS"]
[SourceTitle "CBM 179 Extra"]
[Source "ChessBase"]
[SourceDate "2017.08.23"]
[SourceVersion "1"]
[SourceVersionDate "2017.08.23"]
[SourceQuality "1"]

1. Nf3 d5 2. c4 e6 3. b3 c5 4. g3 Nc6 5. Bg2 Nf6 6. 0-0 Be7 7. e3 0-0 8. Bb2 b6 9. Qe2 Bb7 10. Rd1 Qc7 11. Nc3 Rac8 12. cxd5 exd5 13. d4 Rfd8 14. dxc5 bxc5 15. Rac1 Qb8 16. Na4 Ne4 17. Nh4 Ne5 18. Nf5 Bf6 19. f4 Ng6 20. Bxf6 Nxf6 21. Nxc5 Ba8 22. h3 Qb6 23. Na4 Qe6 24. Nd4 Qe7 25. Kh2 Re8 26. Qd2 Rxc1 27. Rxc1 Qxe3 28. Qxe3 Rxe3 29. Nf5 Re2 30. Rc8+ Re8 31. Rc7 a6 32. Ra7 Rd8 33. Rxa6 Nf8 34. Nb6 Bb7 35. Ra7 Rb8 36. Ne7+ Kh8 37. Nbxd5 Nxd5 38. Bxd5 Bxd5 39. Nxd5 1-0

[Event "BCF-ch Seniors 65"]
[Site "Bournemouth"]
[Date "2016.07.29"]
[Round "6"]
[White "Stimpson, Philip M"]
[Black "Kelly, Ian G"]
[Result "0-1"]
[WhiteElo "1946"]
[BlackElo "2028"]
[PlyCount "78"]
[EventDate "2016.07.24"]
[EventType "swiss"]
[EventRounds "7"]
[EventCountry "ENG"]
[SourceTitle "CBM 173 Extra"]
[Source "ChessBase"]
[SourceDate "2016.08.29"]
[SourceVersion "1"]
[SourceVersionDate "2016.08.29"]
[SourceQuality "1"]

1. e4 d6 2. d4 Nf6 3. Nc3 g6 4. Nf3 Bg7 5. h3 0-0 6. Be3 Na6 7. Qd2 c5 8. d5 Nc7 9. a4 b6 10. Bc4 Bb7 11. Bh6 a6 12. Bxg7 Kxg7 13. 0-0 b5 14. axb5 axb5 15. Rxa8 Qxa8 16. Bxb5 Nxb5 17. Nxb5 Nxe4 18. Qe3 Bxd5 19. Nc7 Qb7 20. Nxd5 Qxd5 21. Re1 f5 22. Ng5 Nxg5 23. Qxg5 e5 24. Ra1 Rf7 25. Qd8 Qc6 26. Ra8 Qd7 27. Qg8+ Kh6 28. c4 e4 29. Rd8 Qe7 30. Rxd6 Qxd6 31. Qxf7 Qe5 32. Kf1 f4 33. h4 Qf5 34. Qe7 e3 35. Qg5+ Qxg5 36. hxg5+ Kxg5 37. fxe3 fxe3 38. Ke2 Kf4 39. g3+ Ke4 0-1

[Event "BCF-ch Seniors 65"]
[Site "Bournemouth"]
[Date "2016.07.28"]
[Round "5"]
[White "Kelly, Ian G"]
[Black "Downham, Alan"]
[Result "0-1"]
[WhiteElo "2028"]
[BlackElo "1990"]
[PlyCount "68"]
[EventDate "2016.07.24"]
[EventType "swiss"]
[EventRounds "7"]
[EventCountry "ENG"]
[SourceTitle "CBM 173 Extra"]
[Source "ChessBase"]
[SourceDate "2016.08.29"]
[SourceVersion "1"]
[SourceVersionDate "2016.08.29"]
[SourceQuality "1"]

1. Nf3 d6 2. c4 g6 3. g3 Bg7 4. Bg2 e5 5. Nc3 f5 6. d3 Nf6 7. 0-0 Nc6 8. Rb1 0-0 9. b4 Ne7 10. a4 Nh5 11. Qb3 c6 12. b5 h6 13. Nd2 g5 14. bxc6 bxc6 15. Ba3 Be6 16. Qb7 e4 17. Rfc1 Bd4 18. a5 Rc8 19. dxe4 Rc7 20. Qb3 f4 21. Nf3 Bf6 22. Rd1 Rd7 23. Nd4 Bf7 24. Nf5 Nxf5 25. exf5 Qc7 26. Ne4 Be5 27. a6 fxg3 28. fxg3 Rfd8 29. Qb7 Qa5 30. Qb4 Qxa6 31. Bf3 Nf6 32. Nxf6+ Bxf6 33. Rxd6 Rxd6 34. Qc5 Bd4+ 0-1

[Event "BCF-ch Seniors"]
[Site "Aberystwyth"]
[Date "2014.07.29"]
[Round "4"]
[White "Kelly, Ian G"]
[Black "Price, Andrew"]
[Result "1-0"]
[WhiteElo "2059"]
[BlackElo "1856"]
[PlyCount "69"]
[EventDate "2014.07.26"]
[EventType "swiss"]
[EventRounds "7"]
[EventCountry "WLS"]
[SourceTitle "EXT 2017"]
[Source "ChessBase"]
[SourceDate "2016.10.25"]
[SourceVersion "1"]
[SourceVersionDate "2016.10.25"]
[SourceQuality "1"]

1. Nf3 d5 2. c4 dxc4 3. e3 Nf6 4. Bxc4 c5 5. 0-0 e6 6. d4 Nc6 7. Nc3 cxd4 8. exd4 Be7 9. Qe2 0-0 10. Rd1 Nb4 11. Ne5 Nbd5 12. Bd3 Bd7 13. Bd2 Rc8 14. Rac1 Re8 15. Nxd7 Nxd7 16. Bb5 a6 17. Nxd5 exd5 18. Rxc8 Qxc8 19. Rc1 Qd8 20. Ba4 b5 21. Bb3 Bf6 22. Qf3 Bxd4 23. Qxd5 Bxb2 24. Qxf7+ Kh8 25. Rc7 Nb8 26. Be3 Rf8 27. Qe7 Bf6 28. Qxd8 Rxd8 29. Rb7 h6 30. Rb6 Be5 31. Kf1 Rc8 32. Bd5 Rc2 33. Bb3 Rc3 34. Re6 Nc6 35. Bd5 1-0

[Event "BCF-ch Seniors"]
[Site "Aberystwyth"]
[Date "2014.07.28"]
[Round "3"]
[White "Lawson, Maurice Elliot"]
[Black "Kelly, Ian G"]
[Result "1-0"]
[WhiteElo "1926"]
[BlackElo "2059"]
[PlyCount "47"]
[EventDate "2014.07.26"]
[EventType "swiss"]
[EventRounds "7"]
[EventCountry "WLS"]
[SourceTitle "EXT 2017"]
[Source "ChessBase"]
[SourceDate "2016.10.25"]
[SourceVersion "1"]
[SourceVersionDate "2016.10.25"]
[SourceQuality "1"]

1. e4 d6 2. Nc3 Nf6 3. f4 g6 4. Bc4 c6 5. Bb3 Bg7 6. Nf3 0-0 7. 0-0 Bg4 8. Qe1 Bxf3 9. Rxf3 Nbd7 10. a3 e5 11. f5 Nc5 12. fxg6 hxg6 13. Ba2 d5 14. d3 Ne6 15. Qf2 Nd4 16. Rh3 Qb6 17. Kh1 Ng4 18. Qh4 Rfd8 19. Qxg4 Nxc2 20. Rb1 Qf2 21. Bg5 Ne1 22. Qe2 Nxd3 23. Rxd3 Qxe2 24. Nxe2 1-0

[Event "BCF-ch Seniors"]
[Site "Aberystwyth"]
[Date "2014.07.26"]
[Round "1"]
[White "Nicolson, Jim R"]
[Black "Kelly, Ian G"]
[Result "1-0"]
[WhiteElo "1890"]
[BlackElo "2059"]
[PlyCount "83"]
[EventDate "2014.07.26"]
[EventType "swiss"]
[EventRounds "7"]
[EventCountry "WLS"]
[SourceTitle "EXT 2017"]
[Source "ChessBase"]
[SourceDate "2016.10.25"]
[SourceVersion "1"]
[SourceVersionDate "2016.10.25"]
[SourceQuality "1"]

1. c4 Nf6 2. Nc3 c5 3. g3 g6 4. Bg2 Bg7 5. e4 Nc6 6. Nge2 0-0 7. 0-0 d6 8. d3 a6 9. Be3 Ng4 10. Bc1 Nd4 11. h3 Ne5 12. f4 Nec6 13. Nxd4 Nxd4 14. Be3 Rb8 15. Qd2 b5 16. Kh2 b4 17. Ne2 Nxe2 18. Qxe2 a5 19. Rf2 a4 20. Raf1 e6 21. g4 Qe7 22. f5 exf5 23. gxf5 Be5+ 24. Bf4 Bxf4+ 25. Rxf4 Qe5 26. Kh1 Bxf5 27. Rxf5 gxf5 28. Rxf5 Qg7 29. e5 Kh8 30. exd6 Rbe8 31. Be4 Rg8 32. Qf2 Qg3 33. Qxg3 Rxg3 34. Kh2 Rg7 35. Rxc5 Rd8 36. Rd5 a3 37. b3 f6 38. c5 f5 39. Bxf5 Rf7 40. c6 Rxf5 41. Rxf5 Rxd6 42. c7 1-0

[Event "Southend op"]
[Site "Southend"]
[Date "2007.04.08"]
[Round "5"]
[White "Gregory, Stephen J"]
[Black "Kelly, Ian G"]
[Result "1-0"]
[WhiteElo "2139"]
[BlackElo "2057"]
[PlyCount "85"]
[EventDate "2007.04.06"]
[EventType "swiss"]
[EventRounds "7"]
[EventCountry "ENG"]
[SourceTitle "CBM 117 Extra"]
[Source "ChessBase"]
[SourceDate "2007.05.09"]
[SourceVersion "1"]
[SourceVersionDate "2007.05.09"]
[SourceQuality "1"]

1. e4 g6 2. Bc4 d6 3. Nc3 Nf6 4. Nf3 Bg7 5. d3 0-0 6. h3 c5 7. 0-0 Nc6 8. a3 a6 9. Be3 b5 10. Ba2 Bb7 11. Qd2 Rc8 12. Ne2 e5 13. Bh6 Nd4 14. Nfxd4 cxd4 15. Bxg7 Kxg7 16. f4 Nd7 17. Rf2 Qe7 18. Raf1 f6 19. Ng3 Rc7 20. Qe2 Bc8 21. Rf3 Nc5 22. Qd2 Ne6 23. Ne2 Rc5 24. fxe5 dxe5 25. c3 Qc7 26. R3f2 dxc3 27. Nxc3 Nf4 28. Nd5 Nxd5 29. Bxd5 f5 30. b4 Rc3 31. a4 bxa4 32. Bc4 Rxc4 33. dxc4 Qxc4 34. exf5 gxf5 35. Rc1 Qd4 36. Qg5+ Kh8 37. Rxc8 Rxc8 38. Qf6+ Kg8 39. Qe6+ Kg7 40. Qxc8 f4 41. Qb7+ Kg8 42. Qxa6 Qxb4 43. Qe6+ 1-0

[Event "Southend op-A"]
[Site "Southend"]
[Date "2006.04.16"]
[Round "5"]
[White "Kelly, Ian G"]
[Black "Gavriel, Tryfon"]
[Result "0-1"]
[WhiteElo "2051"]
[BlackElo "2164"]
[PlyCount "56"]
[EventDate "2006.04.14"]
[EventType "swiss"]
[EventRounds "7"]
[EventCountry "ENG"]
[SourceTitle "EXT 2007"]
[Source "ChessBase"]
[SourceDate "2006.11.23"]
[SourceVersion "1"]
[SourceVersionDate "2006.11.23"]
[SourceQuality "1"]

1. Nf3 b6 2. c4 Bb7 3. g3 e5 4. Bg2 e4 5. Nd4 c5 6. Nc2 f5 7. Nc3 Nf6 8. 0-0 d5 9. cxd5 Nxd5 10. Nxd5 Qxd5 11. d3 Qe6 12. dxe4 Bxe4 13. f3 Bc6 14. e4 fxe4 15. fxe4 Nd7 16. Ne3 0-0-0 17. Nd5 Bd6 18. Qc2 h5 19. Bg5 Rde8 20. a4 h4 21. gxh4 Qg4 22. Qd3 Bxh2+ 23. Kh1 Bg3 24. Kg1 Ne5 25. Qa6+ Kb8 26. a5 Bxd5 27. exd5 Qd4+ 28. Kh1 Rxh4+ 0-1

[Event "Southend op-A"]
[Site "Southend"]
[Date "2006.04.15"]
[Round "4"]
[White "Gregory, Stephen J"]
[Black "Kelly, Ian G"]
[Result "0-1"]
[WhiteElo "2147"]
[BlackElo "2051"]
[PlyCount "80"]
[EventDate "2006.04.14"]
[EventType "swiss"]
[EventRounds "7"]
[EventCountry "ENG"]
[SourceTitle "EXT 2007"]
[Source "ChessBase"]
[SourceDate "2006.11.23"]
[SourceVersion "1"]
[SourceVersionDate "2006.11.23"]
[SourceQuality "1"]

1. e4 g6 2. d4 Nf6 3. Nc3 d6 4. g3 Bg7 5. Bg2 0-0 6. Nge2 Nbd7 7. 0-0 c5 8. d5 a6 9. a4 b6 10. h3 Rb8 11. g4 b5 12. axb5 axb5 13. Ng3 b4 14. Nce2 Qb6 15. Bg5 b3 16. c3 Ne5 17. Kh1 Ba6 18. f4 Nc4 19. Qc1 Rfe8 20. f5 Nd7 21. fxg6 hxg6 22. h4 Nde5 23. Bh3 Nd3 24. Qb1 Ncxb2 25. h5 Qb5 26. h6 Be5 27. h7+ Kg7 28. Nh5+ gxh5 29. gxh5 Bc8 30. Bxc8 Rbxc8 31. Bh6+ Kxh6 32. Rxf7 Qc4 33. Nd4 Bxd4 34. Qf1 Nf2+ 35. Kg2 Qxf1+ 36. Rxf1 Be3 37. Kf3 Nbd1 38. Rg1 Bg5 39. Rf5 Nh3 40. Rg3 Ndf2 0-1

[Event "Southend op-A"]
[Site "Southend"]
[Date "2006.04.15"]
[Round "3"]
[White "Kelly, Ian G"]
[Black "Hamperl, Fred A"]
[Result "1-0"]
[WhiteElo "2051"]
[BlackElo "2010"]
[PlyCount "29"]
[EventDate "2006.04.14"]
[EventType "swiss"]
[EventRounds "7"]
[EventCountry "ENG"]
[SourceTitle "EXT 2007"]
[Source "ChessBase"]
[SourceDate "2006.11.23"]
[SourceVersion "1"]
[SourceVersionDate "2006.11.23"]
[SourceQuality "1"]

1. Nf3 c5 2. c4 Nc6 3. g3 e5 4. Nc3 g6 5. Bg2 Bg7 6. 0-0 Nge7 7. e3 0-0 8. d4 cxd4 9. exd4 exd4 10. Nb5 Qb6 11. Bf4 a6 12. Nc7 Ra7 13. Bd6 Rd8 14. b4 Nf5 15. Nd5 1-0

[Event "GBR-ch Seniors"]
[Site "Douglas"]
[Date "2005.08.10"]
[Round "5"]
[White "Pearson, Walter"]
[Black "Kelly, Ian G"]
[Result "0-1"]
[WhiteElo "1619"]
[BlackElo "2052"]
[PlyCount "54"]
[EventDate "2005.08.06"]
[EventType "swiss"]
[EventRounds "7"]
[EventCountry "ENG"]
[SourceTitle "EXT 2007"]
[Source "ChessBase"]
[SourceDate "2006.11.23"]
[SourceVersion "1"]
[SourceVersionDate "2006.11.23"]
[SourceQuality "1"]

1. e4 d6 2. d4 Nf6 3. Bd3 g6 4. Bg5 Bg7 5. c3 0-0 6. Nd2 c5 7. Ne2 Nc6 8. d5 Ne5 9. Bc2 h6 10. Bh4 b5 11. h3 Qb6 12. f4 Nc4 13. Nxc4 bxc4 14. Rb1 e6 15. 0-0 exd5 16. exd5 Bb7 17. Bxf6 Bxf6 18. Be4 Rfe8 19. Qc2 Qc7 20. g4 Qe7 21. Ng3 Bh4 22. Bxg6 Qe3+ 23. Qf2 Bxg3 24. Qxe3 Rxe3 25. Bh5 Bxd5 26. g5 Bh4 27. Kh2 Rd3 0-1

[Event "Southend op"]
[Site "London"]
[Date "2004.04.11"]
[Round "5"]
[White "Walker, Gary E"]
[Black "Kelly, Ian G"]
[Result "0-1"]
[WhiteElo "1996"]
[BlackElo "2048"]
[PlyCount "104"]
[EventDate "2004.04.09"]
[EventType "swiss"]
[EventRounds "7"]
[EventCountry "ENG"]
[SourceTitle "EXT 2006"]
[Source "ChessBase"]
[SourceDate "2005.11.24"]
[SourceVersion "1"]
[SourceVersionDate "2005.11.24"]
[SourceQuality "1"]

1. g4 d6 2. Bg2 g6 3. c4 Bg7 4. Nc3 Nf6 5. h3 c5 6. Nf3 Nc6 7. d3 0-0 8. Bd2 a6 9. Rb1 Rb8 10. Nd5 b5 11. Nxf6+ exf6 12. b3 Ne5 13. Nxe5 fxe5 14. Qc1 Re8 15. e4 Be6 16. g5 f5 17. h4 Qe7 18. Qd1 Rf8 19. exf5 gxf5 20. g6 hxg6 21. Bg5 Bf6 22. Bh6 Rf7 23. f4 exf4 24. Kd2 Rh7 25. Qg1 Rxh6 26. Re1 Be5 27. Bf3 Qf6 28. h5 Bc3+ 29. Kc2 Bxe1 30. Qxe1 g5 31. Qa5 b4 32. Bc6 Qc3+ 33. Kb1 Qxd3+ 34. Kb2 Bxc4 35. bxc4 Qa3+ 36. Qxa3 bxa3+ 37. Kxa3 Kg7 38. Ka4 Rb4+ 39. Ka5 Rxc4 40. Re1 Rxh5 41. Kxa6 Rh3 42. a4 Re3 43. Rd1 Rd4 44. Rb1 f3 45. a5 f2 46. Rb7+ Kf6 47. Bg2 Rb4 48. Rh7 Re1 49. Ka7 f1Q 50. Bxf1 Rxf1 51. a6 Ra1 52. Rh6+ Ke5 0-1

[Event "Southend op"]
[Site "London"]
[Date "2004.04.10"]
[Round "4"]
[White "Coleman, David"]
[Black "Kelly, Ian G"]
[Result "1-0"]
[WhiteElo "2240"]
[BlackElo "2048"]
[PlyCount "63"]
[EventDate "2004.04.09"]
[EventType "swiss"]
[EventRounds "7"]
[EventCountry "ENG"]
[SourceTitle "EXT 2006"]
[Source "ChessBase"]
[SourceDate "2005.11.24"]
[SourceVersion "1"]
[SourceVersionDate "2005.11.24"]
[SourceQuality "1"]

1. e4 g6 2. d4 Nf6 3. e5 Nh5 4. Be2 d6 5. Nf3 Nc6 6. 0-0 Bg7 7. Bb5 0-0 8. h3 dxe5 9. Bxc6 bxc6 10. dxe5 Qxd1 11. Rxd1 f5 12. Nc3 f4 13. Re1 Rd8 14. Ne2 Bf5 15. Nxf4 Nxf4 16. Bxf4 Bxc2 17. Rac1 Ba4 18. b3 Bb5 19. a4 Ba6 20. Rxc6 Rf8 21. Bg5 Bb7 22. Rxc7 Bxf3 23. gxf3 Rxf3 24. Bxe7 Rxb3 25. Kg2 Rb2 26. Bf6 Bh8 27. Rd1 Bxf6 28. exf6 Rb6 29. Rg7+ Kh8 30. Rxa7 Rf8 31. Rdd7 Rfb8 32. Rxh7+ 1-0

[Event "BCF-ch Major op"]
[Site "Torquay"]
[Date "2002.08.02"]
[Round "5"]
[White "Sugden, John N"]
[Black "Kelly, Ian G"]
[Result "1-0"]
[WhiteElo "2195"]
[BlackElo "2041"]
[PlyCount "103"]
[EventDate "2002.07.29"]
[EventType "swiss"]
[EventRounds "9"]
[EventCountry "ENG"]
[SourceTitle "EXT 2008"]
[Source "ChessBase"]
[SourceDate "2007.11.25"]
[SourceVersion "1"]
[SourceVersionDate "2007.11.25"]
[SourceQuality "1"]

1. e4 g6 2. d4 Nf6 3. e5 Nh5 4. f4 c6 5. Nf3 d6 6. Bc4 d5 7. Be2 Ng7 8. 0-0 h5 9. Be3 Nf5 10. Bf2 Bh6 11. g3 Na6 12. b3 Nc7 13. c4 Be6 14. Nc3 Qd7 15. Rc1 Rc8 16. c5 Ng7 17. Qd2 Bh3 18. Rfd1 Nf5 19. Ng5 Bxg5 20. fxg5 Ne6 21. Kh1 Kf8 22. Bf3 Bg4 23. Kg2 Kg7 24. h3 Bxf3+ 25. Kxf3 Rh7 26. Kg2 Rch8 27. Ne2 Kg8 28. Ng1 Qc7 29. Nf3 Qd8 30. Re1 Qd7 31. b4 a6 32. a4 Nc7 33. Rb1 e6 34. h4 Kg7 35. Rh1 Qe7 36. Rh3 Ra8 37. Nh2 Kg8 38. g4 Ng7 39. gxh5 Nxh5 40. Ng4 Kg7 41. Rf3 Rhh8 42. Nh6 Rhf8 43. Rf1 Kh7 44. Be1 f5 45. gxf6 Qd7 46. Rh1 Ne8 47. Qg5 Nexf6 48. exf6 e5 49. Ng4 e4 50. Qh6+ Kg8 51. Qxg6+ Ng7 52. f7+ 1-0